000 00608nam a2200229Ia 4500
003 OSt
005 20220924140432.0
006 a|||||r|||| 00| 0
007 ta
008 220923b |||||||| |||| 00| 0 ben d
024 _a295131
037 _cTextual
040 _aARTS
_cARTS
_bben
041 _2ben
_aben
082 _aO157,3N03,24, M1
100 _aMukhopadhaya Bibhuti Bhusan
_9211368
245 0 _aEkti juger janmakatha
260 _c1981
650 _aBENGALI LITERATURE
942 _hO157,3N03,24, M1
_cTEXL
_2CC
999 _c444297
_d444297